000 00471nam a2200193Ia 4500
005 20250117060135.0
008 240331s9999 xx 000 0 und d
020 _a0701128879
082 _bSTE
_23543
_a305.3
100 _aStein, S
245 0 _aGirls and Boys:
_bThe Limits of Non-Sexist Childrearing
260 _aLondon
_bChatto & Windus
_c1984
300 _axi, 208 p.,
650 _aGender
650 _aSexism
650 _aWomen
650 _aMen
942 _cL
999 _c1608
_d1608